[Event "Serbia ch 2011"]
[Site "Kragujevac SRB"]
[Date "2011.02.28"]
[Round "1.1"]
[White "Perunovic, Milos"]
[Black "Drazic, Sinisa"]
[Result "0-1"]
[WhiteElo "2565"]
[BlackElo "2487"]
[PlyCount "72"]
[EventDate "2011.02.28"]
[EventType "tourn"]
[EventRounds "13"]
[EventCountry "SER"]
[EventCategory "10"]
[Source "lmi"]
[SourceDate "2011.02.28"]

1. e4 e6 2. d4 d5 3. Nc3 Nf6 4. e5 Nfd7 5. Qg4 c5 6. Nb5 cxd4 7. Nf3 Nc6 8. Bf4
a6 9. Nbxd4 Nxd4 10. Nxd4 g6 11. O-O-O Bg7 12. Qg3 Qc7 13. h4 Bxe5 14. Bxe5
Qxe5 15. f4 Qf6 16. Qe3 Nc5 17. Nf3 b6 18. Rxd5 Bb7 19. Rd6 Bxf3 20. gxf3 Rb8
21. h5 Ke7 22. Rd5 Rhd8 23. Re5 Nd7 24. Re4 Nc5 25. Re5 Rd6 26. b4 Nd7 27. hxg6
hxg6 28. Bc4 a5 29. Kb1 axb4 30. Re1 Nc5 31. Rxc5 bxc5 32. Qxc5 Qxf4 33. Re4
Qxf3 34. Bd3 Qh1+ 35. Kb2 Qh8+ 36. Kb1 Rc8 0-1

[Event "Serbia ch 2011"]
[Site "Kragujevac SRB"]
[Date "2011.02.28"]
[Round "1.2"]
[White "Lukovic, Vladimir"]
[Black "Miladinovic, Igor"]
[Result "1/2-1/2"]
[WhiteElo "2234"]
[BlackElo "2556"]
[PlyCount "95"]
[EventDate "2011.02.28"]
[EventType "tourn"]
[EventRounds "13"]
[EventCountry "SER"]
[EventCategory "10"]
[Source "lmi"]
[SourceDate "2011.02.28"]

1. e4 c5 2. Nf3 a6 3. c4 e6 4. d4 cxd4 5. Nxd4 Qc7 6. Bd3 Bd6 7. Nc3 Nf6 8. h3
Nc6 9. Nxc6 dxc6 10. Be3 Bf4 11. Bxf4 Qxf4 12. Qd2 Qxd2+ 13. Kxd2 e5 14. Ke3
Be6 15. Be2 Ke7 16. Rad1 b5 17. cxb5 axb5 18. a3 Rhb8 19. Rd2 b4 20. axb4 Rxb4
21. Rc1 Rab8 22. Rcc2 R8b6 23. Bf3 g5 24. Ne2 h5 25. Ng3 h4 26. Ne2 Bb3 27. Rc3
Ne8 28. Nc1 Nd6 29. Nxb3 Rxb3 30. Be2 Kd7 31. Rdc2 R3b4 32. Bd3 f6 33. g3 g4
34. hxg4 h3 35. Rc1 Rxb2 36. Rh1 R6b3 37. Rxb3 Rxb3 38. Rxh3 c5 39. Kd2 c4 40.
Bc2 Rf3 41. Ke2 Ra3 42. Rh7+ Kc6 43. Rh6 Kc5 44. Rxf6 Nb5 45. Kd2 Nd4 46. Rf8
Nf3+ 47. Ke2 Nd4+ 48. Kd2 1/2-1/2

[Event "Serbia ch 2011"]
[Site "Kragujevac SRB"]
[Date "2011.02.28"]
[Round "1.3"]
[White "Ivanisevic, Ivan"]
[Black "Sedlak, Nikola"]
[Result "1-0"]
[WhiteElo "2630"]
[BlackElo "2556"]
[PlyCount "57"]
[EventDate "2011.02.28"]
[EventType "tourn"]
[EventRounds "13"]
[EventCountry "SER"]
[EventCategory "10"]
[Source "lmi"]
[SourceDate "2011.02.28"]

1. d4 d5 2. c4 c6 3. Nf3 Nf6 4. Nc3 dxc4 5. a4 Na6 6. e4 Bg4 7. Bxc4 Bxf3 8.
gxf3 e6 9. Be3 Nb4 10. Qb3 Be7 11. O-O a5 12. Kh1 O-O 13. Rg1 Kh8 14. Rg3 c5
15. d5 exd5 16. exd5 Qd7 17. Ne4 Nxe4 18. fxe4 f5 19. Rag1 Bf6 20. Bxc5 Rfc8
21. Bb5 Qf7 22. Bxb4 axb4 23. d6 Qxb3 24. Rxb3 Rc2 25. d7 Rxb2 26. Rc1 Rd8 27.
e5 Rxb3 28. exf6 Rc3 29. Re1 1-0

[Event "Serbia ch 2011"]
[Site "Kragujevac SRB"]
[Date "2011.02.28"]
[Round "1.4"]
[White "Bogosavljevic, Boban"]
[Black "Tadic, Branko"]
[Result "1-0"]
[WhiteElo "2561"]
[BlackElo "2518"]
[PlyCount "47"]
[EventDate "2011.02.28"]
[EventType "tourn"]
[EventRounds "13"]
[EventCountry "SER"]
[EventCategory "10"]
[Source "lmi"]
[SourceDate "2011.02.28"]

1. d4 g6 2. c4 c5 3. Nf3 Bg7 4. e4 Qa5+ 5. Bd2 Qb6 6. Bc3 Nc6 7. dxc5 Bxc3+ 8.
Nxc3 Qxb2 9. Nd5 Rb8 10. Bd3 Qa3 11. O-O e6 12. Qd2 f6 13. Qe3 Kf7 14. Rad1 Kg7
15. e5 f5 16. Nf6 Nxf6 17. exf6+ Kxf6 18. Rfe1 b6 19. Qf4 Qxc5 20. Be4 Ne5 21.
Rd5 Nxf3+ 22. Bxf3 Qb4 23. Qe5+ Kf7 24. Rdd1 1-0

[Event "Serbia ch 2011"]
[Site "Kragujevac SRB"]
[Date "2011.02.28"]
[Round "1.5"]
[White "Pikula, Dejan"]
[Black "Milanovic, Danilo"]
[Result "1/2-1/2"]
[WhiteElo "2537"]
[BlackElo "2517"]
[PlyCount "30"]
[EventDate "2011.02.28"]
[EventType "tourn"]
[EventRounds "13"]
[EventCountry "SER"]
[EventCategory "10"]
[Source "lmi"]
[SourceDate "2011.02.28"]

1. e4 c5 2. Nf3 Nc6 3. d4 cxd4 4. Nxd4 Nf6 5. Nc3 e5 6. Ndb5 d6 7. Bg5 a6 8.
Na3 b5 9. Nd5 Be7 10. Bxf6 Bxf6 11. c3 Bg5 12. Nc2 Rb8 13. g3 O-O 14. Bg2 a5
15. a3 Ne7 1/2-1/2

[Event "Serbia ch 2011"]
[Site "Kragujevac SRB"]
[Date "2011.02.28"]
[Round "1.6"]
[White "Saric, Sinisa"]
[Black "Damljanovic, Branko"]
[Result "0-1"]
[WhiteElo "2448"]
[BlackElo "2555"]
[PlyCount "84"]
[EventDate "2011.02.28"]
[EventType "tourn"]
[EventRounds "13"]
[EventCountry "SER"]
[EventCategory "10"]
[Source "lmi"]
[SourceDate "2011.02.28"]

1. d4 d6 2. c4 e5 3. Nf3 e4 4. Ng5 f5 5. Nc3 Be7 6. Nh3 Nf6 7. g3 c6 8. Bg2 Na6
9. f3 exf3 10. exf3 O-O 11. O-O Re8 12. Re1 Bf8 13. Be3 h6 14. d5 Nc7 15. dxc6
bxc6 16. Qc2 Qd7 17. Rad1 Qf7 18. b3 Bd7 19. Nf2 d5 20. cxd5 Nfxd5 21. Bd4 f4
22. Nce4 Ne6 23. Qc4 Nxd4 24. Qxd4 Bf5 25. g4 Bxe4 26. Rxe4 Ne3 27. Rd2 Rxe4
28. Nxe4 a5 29. Bf1 Qg6 30. Bd3 Bb4 31. Re2 Be7 32. Nf2 Qd6 33. Qxd6 Bxd6 34.
Be4 Bc5 35. Rd2 Rc8 36. h4 Be7 37. h5 Kf8 38. Nd1 c5 39. Nxe3 fxe3 40. Rd3 c4
41. Rc3 e2 42. Rc1 Bh4 0-1

[Event "Serbia ch 2011"]
[Site "Kragujevac SRB"]
[Date "2011.02.28"]
[Round "1.7"]
[White "Abramovic, Bosko"]
[Black "Nestorovic, Lazar"]
[Result "1/2-1/2"]
[WhiteElo "2460"]
[BlackElo "2323"]
[PlyCount "35"]
[EventDate "2011.02.28"]
[EventType "tourn"]
[EventRounds "13"]
[EventCountry "SER"]
[EventCategory "10"]
[Source "lmi"]
[SourceDate "2011.02.28"]

1. d4 Nf6 2. c4 e6 3. Nf3 b6 4. g3 Bb7 5. Bg2 Be7 6. O-O O-O 7. Nc3 Ne4 8. Qc2
Nxc3 9. Qxc3 d6 10. Rd1 Nd7 11. b3 Bf6 12. Bb2 Qe7 13. Qc2 g6 14. e4 Bg7 15.
Rac1 e5 16. Re1 a5 17. Rcd1 Rad8 18. h4 1/2-1/2

[Event "Serbia ch 2011"]
[Site "Kragujevac SRB"]
[Date "2011.03.01"]
[Round "2.1"]
[White "Drazic, Sinisa"]
[Black "Nestorovic, Lazar"]
[Result "0-1"]
[WhiteElo "2487"]
[BlackElo "2323"]
[PlyCount "112"]
[EventDate "2011.02.28"]
[EventType "tourn"]
[EventRounds "13"]
[EventCountry "SER"]
[EventCategory "10"]
[Source "lmi"]
[SourceDate "2011.02.28"]

1. d4 Nf6 2. c4 e6 3. g3 Bb4+ 4. Bd2 Qe7 5. Bg2 O-O 6. Nf3 Bxd2+ 7. Qxd2 d6 8.
Nc3 e5 9. O-O Bg4 10. e4 Bxf3 11. Bxf3 Nc6 12. d5 Nd4 13. Bg2 c5 14. f4 a6 15.
Rae1 b5 16. Nd1 bxc4 17. f5 Qd7 18. g4 Nxg4 19. Qg5 Nf6 20. Ne3 Qa4 21. Rf2
Qxa2 22. b4 Qa3 23. Nxc4 Qxb4 24. Rc1 h6 25. Qg3 Qb8 26. Kh1 Qc7 27. Rg1 Kh7
28. Bf3 Rg8 29. Qh4 Rab8 30. Bh5 Nxh5 31. Qxh5 Qe7 32. Rfg2 Qf6 33. Ne3 g6 34.
Ng4 Qg7 35. Qh3 Rb3 36. Qh4 g5 37. Qh5 f6 38. Rg3 Rgb8 39. Nxf6+ Qxf6 40. Rxg5
Rb1 41. Rg6 Rxg1+ 42. Kxg1 Qf8 43. Kf2 c4 44. Rg3 Rb7 45. Qg6+ Kh8 46. Rh3 Rh7
47. Rg3 Nb5 48. Ke2 c3 49. Kd3 Nd4 50. Rg1 c2 51. Qh5 Rc7 52. Rc1 a5 53. h4 a4
54. Qg6 a3 55. h5 a2 56. f6 Nb3 0-1

[Event "Serbia ch 2011"]
[Site "Kragujevac SRB"]
[Date "2011.03.01"]
[Round "2.2"]
[White "Damljanovic, Branko"]
[Black "Abramovic, Bosko"]
[Result "1-0"]
[WhiteElo "2555"]
[BlackElo "2460"]
[PlyCount "51"]
[EventDate "2011.02.28"]
[EventType "tourn"]
[EventRounds "13"]
[EventCountry "SER"]
[EventCategory "10"]
[Source "lmi"]
[SourceDate "2011.02.28"]

1. c4 e6 2. Nf3 d5 3. d4 Nf6 4. g3 dxc4 5. Bg2 c5 6. O-O Nc6 7. Qa4 cxd4 8.
Nxd4 Qxd4 9. Bxc6+ Bd7 10. Rd1 Bxc6 11. Qxc6+ bxc6 12. Rxd4 Rd8 13. Rxc4 Rd1+
14. Kg2 Kd7 15. Nd2 Bd6 16. Nf3 Rc8 17. b3 Nd5 18. Bb2 Rxa1 19. Bxa1 f6 20. Rh4
Rh8 21. e4 Nc7 22. e5 Be7 23. Rg4 f5 24. Rxg7 Ke8 25. Ng5 Bxg5 26. Rxc7 1-0

[Event "Serbia ch 2011"]
[Site "Kragujevac SRB"]
[Date "2011.03.01"]
[Round "2.3"]
[White "Milanovic, Danilo"]
[Black "Saric, Sinisa"]
[Result "0-1"]
[WhiteElo "2517"]
[BlackElo "2448"]
[PlyCount "128"]
[EventDate "2011.02.28"]
[EventType "tourn"]
[EventRounds "13"]
[EventCountry "SER"]
[EventCategory "10"]
[Source "lmi"]
[SourceDate "2011.02.28"]

1. d4 Nf6 2. c4 g6 3. Nc3 Bg7 4. e4 d6 5. Be2 O-O 6. Nf3 Na6 7. Bf4 Nh5 8. Bg5
h6 9. Be3 e5 10. Qd2 Nf4 11. O-O-O Nxe2+ 12. Nxe2 exd4 13. Nfxd4 Kh7 14. h4 Nc5
15. Qc2 Qe8 16. Nc3 f5 17. exf5 Bxf5 18. Nxf5 gxf5 19. Bxc5 dxc5 20. Nd5 Qg6
21. Nf4 Qf7 22. Rd5 c6 23. Rxc5 Bd4 24. Ra5 b6 25. Ra3 Rae8 26. Rf3 Re4 27. Ne2
Bc5 28. Nc3 Rxc4 29. Re1 Rxh4 30. Kb1 Qg6 31. g3 Rd4 32. Rfe3 Rd6 33. Re7+ Rf7
34. Re8 Rdd7 35. a3 Rfe7 36. R8xe7+ Rxe7 37. Rxe7+ Bxe7 38. Ne2 Qe6 39. Nd4
Qe1+ 40. Ka2 Qe4 41. Qc4 Qd5 42. Qxd5 cxd5 43. Nxf5 Bc5 44. f3 Kg6 45. g4 h5
46. b4 Bf8 47. Kb3 Kg5 48. Nd4 h4 49. Ne6+ Kf6 50. Nf4 Bh6 51. Nh3 Ke5 52. b5
Kd4 53. f4 Ke4 54. f5 Bf8 55. f6 Bd6 56. a4 Ke5 57. g5 Kf5 58. Kc2 Be5 59. Kd3
Kg4 60. Ng1 h3 61. Ke2 h2 62. Nf3 h1=Q 63. Nxe5+ Kxg5 64. f7 Qe4+ 0-1

[Event "Serbia ch 2011"]
[Site "Kragujevac SRB"]
[Date "2011.03.01"]
[Round "2.4"]
[White "Tadic, Branko"]
[Black "Pikula, Dejan"]
[Result "1/2-1/2"]
[WhiteElo "2518"]
[BlackElo "2537"]
[PlyCount "34"]
[EventDate "2011.02.28"]
[EventType "tourn"]
[EventRounds "13"]
[EventCountry "SER"]
[EventCategory "10"]
[Source "lmi"]
[SourceDate "2011.02.28"]

1. Nf3 Nf6 2. c4 g6 3. Nc3 Bg7 4. e4 d6 5. d4 O-O 6. Be2 c5 7. O-O cxd4 8. Nxd4
Nc6 9. Be3 Bd7 10. Qd2 Nxd4 11. Bxd4 Bc6 12. f3 a5 13. b3 Nd7 14. Be3 Nc5 15.
Rac1 Qb6 16. Rfd1 Rfc8 17. Rc2 h5 1/2-1/2

[Event "Serbia ch 2011"]
[Site "Kragujevac SRB"]
[Date "2011.03.01"]
[Round "2.5"]
[White "Sedlak, Nikola"]
[Black "Bogosavljevic, Boban"]
[Result "1/2-1/2"]
[WhiteElo "2556"]
[BlackElo "2561"]
[PlyCount "20"]
[EventDate "2011.02.28"]
[EventType "tourn"]
[EventRounds "13"]
[EventCountry "SER"]
[EventCategory "10"]
[Source "lmi"]
[SourceDate "2011.02.28"]

1. d4 d5 2. c4 c6 3. cxd5 cxd5 4. Nc3 Nf6 5. Bf4 Nc6 6. Nf3 Bf5 7. e3 e6 8. Qb3
Bb4 9. Bb5 Qa5 10. O-O O-O 1/2-1/2

[Event "Serbia ch 2011"]
[Site "Kragujevac SRB"]
[Date "2011.03.01"]
[Round "2.7"]
[White "Perunovic, Milos"]
[Black "Lukovic, Vladimir"]
[Result "1/2-1/2"]
[WhiteElo "2565"]
[BlackElo "2234"]
[PlyCount "82"]
[EventDate "2011.02.28"]
[EventType "tourn"]
[EventRounds "13"]
[EventCountry "SER"]
[EventCategory "10"]
[Source "lmi"]
[SourceDate "2011.02.28"]

1. e4 e5 2. Nf3 Nc6 3. d4 exd4 4. Nxd4 Nf6 5. Nxc6 bxc6 6. e5 Qe7 7. Qe2 Nd5 8.
Nd2 f6 9. exf6 Qxe2+ 10. Bxe2 Nxf6 11. O-O d5 12. Nb3 Kf7 13. Be3 Bd6 14. c4
Ba6 15. Rac1 Nd7 16. Na5 Ne5 17. f4 Nxc4 18. Nxc4 Bxc4 19. Bxc4 dxc4 20. Rxc4
Rhe8 21. Kf2 Rab8 22. b3 a5 23. Rfc1 Rb4 24. Kf3 Reb8 25. Bd2 R4b5 26. Rxc6 Rd5
27. Be3 a4 28. bxa4 Rd3 29. Ke4 Ra3 30. Rxc7+ Bxc7 31. Rxc7+ Kg8 32. Bd4 Re8+
33. Be5 Rxa4+ 34. Kf3 Ra3+ 35. Kg4 Rxa2 36. Rxg7+ Kf8 37. Rxh7 Rxg2+ 38. Kf5
Kg8 39. Rh6 Rf8+ 40. Ke6 Re8+ 41. Kd7 Rf8 1/2-1/2

[Event "Serbia ch 2011"]
[Site "Kragujevac SRB"]
[Date "2011.03.02"]
[Round "3.1"]
[White "Lukovic, Vladimir"]
[Black "Drazic, Sinisa"]
[Result "0-1"]
[WhiteElo "2234"]
[BlackElo "2487"]
[PlyCount "70"]
[EventDate "2011.02.28"]
[EventType "tourn"]
[EventRounds "13"]
[EventCountry "SER"]
[EventCategory "10"]
[Source "lmi"]
[SourceDate "2011.02.28"]

1. e4 d6 2. d4 Nf6 3. Nc3 e5 4. dxe5 dxe5 5. Qxd8+ Kxd8 6. Bg5 Be6 7. O-O-O+
Nbd7 8. Nf3 Bd6 9. Bxf6+ gxf6 10. Nh4 Bc5 11. f3 c6 12. Nf5 b5 13. Ng7 Rg8 14.
Nxe6+ fxe6 15. g3 Ke7 16. Bh3 Nb6 17. Rd3 Rad8 18. Bf1 a6 19. Nd1 a5 20. Rxd8
Rxd8 21. c3 f5 22. Be2 h5 23. h3 Kf6 24. Rh2 f4 25. gxf4 exf4 26. Rg2 Nd7 27.
b3 Ne5 28. Kc2 Ng6 29. e5+ Nxe5 30. Nb2 Be3 31. Nd3 Ng6 32. h4 Nxh4 33. Rh2 Kg5
34. Ne5 Rd2+ 35. Kb1 Nf5 0-1

[Event "Serbia ch 2011"]
[Site "Kragujevac SRB"]
[Date "2011.03.02"]
[Round "3.2"]
[White "Ivanisevic, Ivan"]
[Black "Perunovic, Milos"]
[Result "1/2-1/2"]
[WhiteElo "2630"]
[BlackElo "2565"]
[PlyCount "20"]
[EventDate "2011.02.28"]
[EventType "tourn"]
[EventRounds "13"]
[EventCountry "SER"]
[EventCategory "10"]
[Source "lmi"]
[SourceDate "2011.02.28"]

1. d4 d5 2. c4 c6 3. cxd5 cxd5 4. Nc3 Nf6 5. Nf3 Nc6 6. Bf4 Bf5 7. e3 e6 8. Bd3
Bxd3 9. Qxd3 Be7 10. O-O Nh5 1/2-1/2

[Event "Serbia ch 2011"]
[Site "Kragujevac SRB"]
[Date "2011.03.02"]
[Round "3.3"]
[White "Bogosavljevic, Boban"]
[Black "Miladinovic, Igor"]
[Result "1/2-1/2"]
[WhiteElo "2561"]
[BlackElo "2556"]
[PlyCount "32"]
[EventDate "2011.02.28"]
[EventType "tourn"]
[EventRounds "13"]
[EventCountry "SER"]
[EventCategory "10"]
[Source "lmi"]
[SourceDate "2011.02.28"]

1. e4 c6 2. d4 d5 3. Nc3 dxe4 4. Nxe4 Nf6 5. Nxf6+ exf6 6. c3 Bf5 7. Bd3 Qd5 8.
Bxf5 Qxf5 9. Qf3 Qxf3 10. Nxf3 Bd6 11. Bd2 Nd7 12. O-O-O O-O-O 13. Rhe1 Rhe8
14. Kc2 Nf8 15. Re3 Ne6 16. Rde1 g6 1/2-1/2

[Event "Serbia ch 2011"]
[Site "Kragujevac SRB"]
[Date "2011.03.02"]
[Round "3.4"]
[White "Pikula, Dejan"]
[Black "Sedlak, Nikola"]
[Result "1-0"]
[WhiteElo "2537"]
[BlackElo "2556"]
[PlyCount "91"]
[EventDate "2011.02.28"]
[EventType "tourn"]
[EventRounds "13"]
[EventCountry "SER"]
[EventCategory "10"]
[Source "lmi"]
[SourceDate "2011.02.28"]

1. e4 e6 2. d4 d5 3. Nc3 Bb4 4. e5 c5 5. a3 Bxc3+ 6. bxc3 Ne7 7. Qg4 cxd4 8.
Qxg7 Rg8 9. Qxh7 Qc7 10. Ne2 Nbc6 11. f4 dxc3 12. Qd3 d4 13. Ng3 Bd7 14. Ne4
O-O-O 15. g3 Kb8 16. Rb1 Bc8 17. Bg2 Nd5 18. O-O Ka8 19. Rf2 Rgf8 20. Rb5 a6
21. Rb1 b5 22. g4 Bb7 23. g5 Nce7 24. Nd6 Qc5 25. Nxb7 Kxb7 26. Rb4 Nc6 27. Rb1
Ka7 28. a4 b4 29. Bf1 a5 30. h4 Kb6 31. h5 Nce7 32. Re2 Nf5 33. Re4 Kc7 34. Bh3
Nb6 35. Re1 Ne7 36. f5 exf5 37. e6 fxe6 38. Rxe6 f4 39. g6 Nec8 40. Bg2 Qxh5
41. Rc6+ Kb8 42. Bxf4+ Rxf4 43. Qa6 Rd7 44. Rxb6+ Nxb6 45. Qxb6+ Kc8 46. Re1
1-0

[Event "Serbia ch 2011"]
[Site "Kragujevac SRB"]
[Date "2011.03.02"]
[Round "3.5"]
[White "Saric, Sinisa"]
[Black "Tadic, Branko"]
[Result "1-0"]
[WhiteElo "2448"]
[BlackElo "2518"]
[PlyCount "89"]
[EventDate "2011.02.28"]
[EventType "tourn"]
[EventRounds "13"]
[EventCountry "SER"]
[EventCategory "10"]
[Source "lmi"]
[SourceDate "2011.02.28"]

1. d4 d5 2. c4 e6 3. Nc3 c5 4. cxd5 exd5 5. Nf3 Nc6 6. g3 Nf6 7. Bg2 Be7 8. O-O
O-O 9. dxc5 Bxc5 10. b3 Re8 11. Bb2 a6 12. Rc1 Ba7 13. Na4 Ne4 14. Nd4 Bd7 15.
e3 Ne5 16. Nc3 Bg4 17. f3 Nxc3 18. Rxc3 Bd7 19. h3 Qb6 20. Kh2 Qh6 21. Bc1 Rad8
22. Qc2 Bb8 23. e4 Qd6 24. Rd1 Nd3 25. Ne2 Nxc1 26. Qxc1 Bc6 27. f4 Qh6 28. e5
f6 29. Nd4 fxe5 30. Nxc6 bxc6 31. Rxc6 Qh5 32. Rxd5 Rxd5 33. Bxd5+ Kh8 34. g4
Qh4 35. Rc8 Qe7 36. Qc6 Rd8 37. Qe6 Qf8 38. Rxd8 Qxd8 39. fxe5 g6 40. g5 h6 41.
h4 hxg5 42. hxg5 a5 43. Kh3 Qf8 44. Kg3 Kh7 45. Qh3+ 1-0

[Event "Serbia ch 2011"]
[Site "Kragujevac SRB"]
[Date "2011.03.02"]
[Round "3.6"]
[White "Abramovic, Bosko"]
[Black "Milanovic, Danilo"]
[Result "1-0"]
[WhiteElo "2460"]
[BlackElo "2517"]
[PlyCount "77"]
[EventDate "2011.02.28"]
[EventType "tourn"]
[EventRounds "13"]
[EventCountry "SER"]
[EventCategory "10"]
[Source "lmi"]
[SourceDate "2011.02.28"]

1. d4 Nf6 2. c4 c5 3. d5 b5 4. cxb5 a6 5. bxa6 g6 6. Nc3 Bxa6 7. g3 Bg7 8. Bg2
d6 9. Nf3 Nbd7 10. Rb1 Nb6 11. b3 Bb7 12. Nh4 O-O 13. Qd2 Ra7 14. O-O Qa8 15.
e4 Nfd7 16. Bb2 Ba6 17. Rfd1 Ne5 18. Nf3 Nxf3+ 19. Bxf3 Nd7 20. Na4 Bxb2 21.
Rxb2 Rb8 22. Be2 Rb4 23. Bxa6 Rxa6 24. Nc3 Rab6 25. Rbb1 Qa6 26. Kg2 c4 27.
bxc4 Qxc4 28. Rxb4 Rxb4 29. Qe3 Ne5 30. h3 Qc7 31. Rb1 Rc4 32. Ne2 Qa5 33. a3
Qa4 34. Qh6 Nd7 35. Rb7 Rc2 36. Qe3 Kf8 37. Nd4 Rc4 38. Nc6 Qd1 39. Rxd7 1-0

[Event "Serbia ch 2011"]
[Site "Kragujevac SRB"]
[Date "2011.03.02"]
[Round "3.7"]
[White "Nestorovic, Lazar"]
[Black "Damljanovic, Branko"]
[Result "1/2-1/2"]
[WhiteElo "2323"]
[BlackElo "2555"]
[PlyCount "87"]
[EventDate "2011.02.28"]
[EventType "tourn"]
[EventRounds "13"]
[EventCountry "SER"]
[EventCategory "10"]
[Source "lmi"]
[SourceDate "2011.02.28"]

1. e4 c5 2. Nf3 d6 3. d4 cxd4 4. Nxd4 Nf6 5. Nc3 a6 6. Qf3 g6 7. h3 e5 8. Nb3
Be6 9. Bg5 Nbd7 10. O-O-O h6 11. Bh4 Rc8 12. g4 Be7 13. Bg3 h5 14. Be2 h4 15.
Bh2 b5 16. Kb1 O-O 17. Nd5 Bxd5 18. exd5 Nh7 19. Nd2 Nc5 20. Bd3 Bg5 21. Ne4
Nxe4 22. Qxe4 Nf6 23. Qb4 a5 24. Qxb5 Rb8 25. Qc6 Rb6 26. Qa4 Qb8 27. Qa3 Rc8
28. c3 Nxd5 29. Ka1 Nf4 30. Bxf4 Bxf4 31. Be4 Rc5 32. Rd5 Rxd5 33. Bxd5 Rb5 34.
Rd1 Kg7 35. Bc4 Rc5 36. Qa4 Qc7 37. Bd5 Bg5 38. Rd3 Qe7 39. Qe4 Rc7 40. a4 Qf6
41. Rf3 Bf4 42. Rd3 Bg5 43. Rf3 Bf4 44. Rd3 1/2-1/2

[Event "Serbia ch 2011"]
[Site "Kragujevac SRB"]
[Date "2011.03.03"]
[Round "4.1"]
[White "Drazic, Sinisa"]
[Black "Damljanovic, Branko"]
[Result "0-1"]
[WhiteElo "2487"]
[BlackElo "2555"]
[PlyCount "126"]
[EventDate "2011.02.28"]
[EventType "tourn"]
[EventRounds "13"]
[EventCountry "SER"]
[EventCategory "10"]
[Source "lmi"]
[SourceDate "2011.02.28"]

1. Nf3 c5 2. e4 d6 3. d4 cxd4 4. Nxd4 Nf6 5. Nc3 a6 6. a3 e5 7. Nf3 h6 8. Bc4
Be6 9. Qe2 Nbd7 10. Be3 Rc8 11. Nd2 Be7 12. O-O O-O 13. Rfd1 Qc7 14. Bb3 Qc6
15. f3 Bd8 16. Rac1 b5 17. Na2 Bb6 18. Nb1 a5 19. Nbc3 Bxe3+ 20. Qxe3 Nb6 21.
h3 Rfd8 22. Kh2 Bc4 23. Qe1 Qc5 24. Bxc4 Qxc4 25. Rd3 Qc5 26. b4 axb4 27. Nxb4
Ra8 28. Qg1 Nc4 29. Nb1 Qxg1+ 30. Kxg1 Rdc8 31. Nd5 Nxd5 32. Rxd5 Ra5 33. Rd3
Kf8 34. Rb3 Ke7 35. Rd1 Ke6 36. Rd5 Rc5 37. Rdd3 g6 38. Kf2 f5 39. Ke2 d5 40.
Rxd5 Rxd5 41. exd5+ Kxd5 42. h4 h5 43. g3 Kc5 44. Rd3 Ra6 45. Ke1 e4 46. fxe4
fxe4 47. Rb3 e3 48. Rd3 Ra8 49. Rb3 Kc6 50. Rc3 Ra7 51. Ke2 Kc5 52. Rb3 Rf7 53.
Nc3 Rf2+ 54. Ke1 Rxc2 55. Nxb5 Rg2 56. Nc3 Nd2 57. Rb4 Nf3+ 58. Kd1 Nd4 59.
Ne4+ Kd5 60. Nf6+ Ke5 61. Nd7+ Ke4 62. Nc5+ Kd5 63. Nd3 Rd2+ 0-1

[Event "Serbia ch 2011"]
[Site "Kragujevac SRB"]
[Date "2011.03.03"]
[Round "4.2"]
[White "Miladinovic, Igor"]
[Black "Pikula, Dejan"]
[Result "1/2-1/2"]
[WhiteElo "2556"]
[BlackElo "2537"]
[PlyCount "25"]
[EventDate "2011.02.28"]
[EventType "tourn"]
[EventRounds "13"]
[EventCountry "SER"]
[EventCategory "10"]
[Source "lmi"]
[SourceDate "2011.02.28"]

1. d4 Nf6 2. c4 c5 3. d5 d6 4. Nc3 g6 5. e4 Bg7 6. Be2 O-O 7. Nf3 e6 8. O-O
exd5 9. cxd5 a6 10. a4 Re8 11. Nd2 Nbd7 12. Re1 Rb8 13. h3 1/2-1/2

[Event "Serbia ch 2011"]
[Site "Kragujevac SRB"]
[Date "2011.03.03"]
[Round "4.3"]
[White "Tadic, Branko"]
[Black "Abramovic, Bosko"]
[Result "1-0"]
[WhiteElo "2518"]
[BlackElo "2460"]
[PlyCount "113"]
[EventDate "2011.02.28"]
[EventType "tourn"]
[EventRounds "13"]
[EventCountry "SER"]
[EventCategory "10"]
[Source "lmi"]
[SourceDate "2011.02.28"]

1. Nf3 Nf6 2. c4 e6 3. g3 d5 4. d4 Bb4+ 5. Bd2 Bd6 6. Qc2 c6 7. Bg2 Nbd7 8. O-O
O-O 9. Nc3 dxc4 10. Rad1 Qc7 11. e4 e5 12. Bg5 h6 13. dxe5 Bxe5 14. Nxe5 hxg5
15. Nxc4 g4 16. Qd2 Ne5 17. Nd6 Qe7 18. Qf4 Rd8 19. Nf5 Bxf5 20. exf5 Rxd1 21.
Rxd1 Re8 22. h3 gxh3 23. Bxh3 a5 24. Bg2 Qb4 25. Qxb4 axb4 26. Ne4 Nxe4 27.
Bxe4 Ra8 28. b3 Kf8 29. f4 Ng4 30. Rd2 Ke7 31. Bf3 Nf6 32. Kf2 Ra5 33. g4 Nd5
34. Bxd5 Rxd5 35. Re2+ Kd6 36. Ke3 Rc5 37. Rh2 Rc3+ 38. Ke4 Rc1 39. Rh7 Re1+
40. Kf3 Rf1+ 41. Ke3 Re1+ 42. Kf2 Ra1 43. Rxg7 Rxa2+ 44. Kg3 Ke7 45. g5 Kf8 46.
f6 c5 47. f5 Ra6 48. Kf4 c4 49. bxc4 Rc6 50. Ke3 b3 51. Kd4 b2 52. Rh7 Ke8 53.
Rh1 Rb6 54. Re1+ Kd7 55. g6 fxg6 56. f7 Rd6+ 57. Ke4 1-0

[Event "Serbia ch 2011"]
[Site "Kragujevac SRB"]
[Date "2011.03.03"]
[Round "4.4"]
[White "Sedlak, Nikola"]
[Black "Saric, Sinisa"]
[Result "1/2-1/2"]
[WhiteElo "2556"]
[BlackElo "2448"]
[PlyCount "98"]
[EventDate "2011.02.28"]
[EventType "tourn"]
[EventRounds "13"]
[EventCountry "SER"]
[EventCategory "10"]
[Source "lmi"]
[SourceDate "2011.02.28"]

1. d4 Nf6 2. c4 g6 3. Nc3 Bg7 4. e4 d6 5. Nf3 O-O 6. Be2 Na6 7. O-O e5 8. Re1
Qe8 9. Bf1 Bg4 10. Be3 Bxf3 11. Qxf3 Ng4 12. Bg5 exd4 13. Nd5 f6 14. Bd2 Ne5
15. Qb3 c6 16. Nf4 Nc5 17. Qh3 a5 18. Rad1 Qf7 19. Bc1 f5 20. exf5 Qxf5 21.
Qxf5 Rxf5 22. f3 Raf8 23. Nh3 a4 24. Nf2 g5 25. Bd2 h6 26. Bb4 R5f7 27. h3 b6
28. Rb1 Re8 29. Bd2 Rfe7 30. b4 axb3 31. axb3 Ra8 32. b4 Ne6 33. h4 Ra2 34.
Rbd1 d5 35. cxd5 cxd5 36. hxg5 hxg5 37. Nd3 Nxd3 38. Bxd3 Kf7 39. Re2 Nf4 40.
Rxe7+ Kxe7 41. g3 Nxd3 42. Bxg5+ Bf6 43. Bxf6+ Kxf6 44. Rxd3 Ke5 45. Rd1 Rb2
46. Re1+ Kf5 47. Kf1 Rxb4 48. Ke2 Rb3 49. Rh1 Rb2+ 1/2-1/2

[Event "Serbia ch 2011"]
[Site "Kragujevac SRB"]
[Date "2011.03.03"]
[Round "4.5"]
[White "Milanovic, Danilo"]
[Black "Nestorovic, Lazar"]
[Result "1/2-1/2"]
[WhiteElo "2517"]
[BlackElo "2323"]
[PlyCount "97"]
[EventDate "2011.02.28"]
[EventType "tourn"]
[EventRounds "13"]
[EventCountry "SER"]
[EventCategory "10"]
[Source "lmi"]
[SourceDate "2011.02.28"]

1. d4 Nf6 2. c4 g6 3. Nc3 Bg7 4. e4 d6 5. Bd3 O-O 6. Nge2 e5 7. d5 Nbd7 8. f3
Nh5 9. Be3 f5 10. Qd2 a5 11. O-O-O f4 12. Bf2 Nc5 13. Bc2 Bd7 14. Kb1 Qe8 15.
Nc1 b6 16. Nd3 a4 17. Nb4 Ra5 18. Bxc5 dxc5 19. Nc6 Bxc6 20. dxc6 Qxc6 21. Qd7
Qxd7 22. Rxd7 Rf7 23. Rhd1 Nf6 24. Rd8+ Rf8 25. Bxa4 Ra8 26. Rxa8 Rxa8 27. Bc6
Rc8 28. Nd5 Kf7 29. Kc2 Nxd5 30. Rxd5 Bf6 31. Rd7+ Ke6 32. Rxh7 Rh8 33. Rxc7
Rxh2 34. Bd5+ Kd6 35. Rc6+ Ke7 36. Re6+ Kf7 37. Rxb6+ Kg7 38. Be6 Rxg2+ 39. Kd1
Bh4 40. Bg4 Rg1+ 41. Ke2 Rc1 42. Kd3 Bf2 43. b3 Be1 44. a3 Ra1 45. Ra6 Ra2 46.
Ra4 Rd2+ 47. Kc3 Ra2+ 48. Kd3 Rd2+ 49. Kc3 1/2-1/2